drunk walk home - mitski lyrics - Statistics

General Stats
  • This quiz has been taken 186 times
  • The average score is 68 of 80
Answer Stats
Answer % Correct
i
100%
i
100%
i
100%
i
100%
i
100%
the
97%
the
97%
the
97%
the
97%
the
97%
the
97%
you
97%
you
97%
you
97%
you
97%
and
95%
and
95%
of
95%
of
95%
of
95%
your
95%
your
95%
fuck
93%
money
93%
money
93%
to
93%
to
93%
will
92%
i'm
91%
i'm
91%
sea
91%
tired
91%
23
90%
at
90%
retire
90%
age
89%
be
88%
be
88%
free
87%
free
87%
never
86%
never
86%
for
84%
for
84%
for
84%
in
84%
it
83%
may
83%
may
83%
on
83%
but
81%
night
81%
no
81%
one
81%
know
80%
it's
79%
with
79%
with
79%
dress
78%
else
78%
learn
78%
prettiest
78%
starting
78%
this
77%
wore
77%
'cause
76%
heels
76%
salton
76%
sit
76%
killer
74%
sight
74%
these
74%
though
74%
curb
72%
every
66%
see
66%
breath
65%
breeze
62%
dark
62%
moves
57%
No matching quizzes found
Score Distribution
Percent of People with Each Score
Percentile by Number Answered
Your Score History
You have not taken this quiz